[Event "SportAccord Blitz Men 2012"]
[Site "Beijing CHN"]
[Date "2012.12.16"]
[Round "7.7"]
[White "Wang, Hao"]
[Black "Nakamura, Hikaru"]
[Result "1/2-1/2"]
[WhiteTitle "GM"]
[BlackTitle "GM"]
[WhiteElo "2737"]
[BlackElo "2760"]
[WhiteFideId "8602883"]
[BlackFideId "2016192"]
[EventDate "2012.12.16"]

1. d4 Nf6 2. c4 e6 3. Nc3 Bb4 4. e3 b6 5. Nf3 Bb7 6. Bd3 O-O 7. O-O Bxc3 8. bxc3
Ne4 9. Qc2 f5 10. Nd2 Nxd2 11. Bxd2 d6 12. e4 f4 13. f3 Nd7 14. a4 e5 15. a5 Qf6
16. Qb2 Kh8 17. Ra3 c5 18. d5 Qd8 19. Rfa1 Qc7 20. Bc2 Rfb8 21. Ba4 Nf6 22. Qa2
bxa5 23. Bd1 a6 24. Rxa5 g5 25. Ra3 g4 26. Rb1 gxf3 27. Bxf3 Bc8 28. Be1 Rxb1
29. Qxb1 Rb8 30. Rb3 Rxb3 31. Qxb3 Kg7 32. Bh4 a5 33. h3 Bd7 34. Qb2 Be8 35. Kf2
a4 36. Ke2 Qa7 37. Qa3 Qa6 38. Kd3 Nd7 39. Bd8 Nb6 40. Bxb6 Qxb6 41. Kc2 Kf6 42.
h4 Qa6 43. Kd3 Qb6 44. Kc2 Kg7 45. Be2 Qd8 46. Qb2 Qc7 47. Kb1 Qa7 48. Ka2 Bg6
49. Bf3 Be8 50. Be2 Bd7 51. Ka3 Qa5 52. Ka2 Qd8 53. Qb7 Kh6 54. Bf3 Be8 55. h5
Qd7 56. Qb6 Kg5 57. Qb8 Kh4 58. Ka3 Bxh5 59. Bxh5 Kxh5 60. Qg8 Kh4 61. Qe6 Qb7
62. Kxa4 Qa6+ 63. Kb3 Qb6+ 64. Kc2 Qa6 65. Qh3+ Kg5 66. Qf5+ Kh4 67. Qh3+ Kg5
68. Qf5+ 1/2-1/2

[Event "SportAccord Blitz Men 2012"]
[Site "Beijing CHN"]
[Date "2012.12.16"]
[Round "7.8"]
[White "Radjabov, Teimour"]
[Black "Morozevich, Alexander"]
[Result "1-0"]
[WhiteTitle "GM"]
[BlackTitle "GM"]
[WhiteElo "2793"]
[BlackElo "2748"]
[WhiteFideId "13400924"]
[BlackFideId "4116992"]
[EventDate "2012.12.16"]

1. Nf3 d5 2. d4 Bf5 3. c4 e6 4. Nc3 Nf6 5. Bg5 c6 6. e3 Nbd7 7. cxd5 exd5 8. Bd3
Bxd3 9. Qxd3 h6 10. Bf4 Be7 11. h3 O-O 12. O-O Re8 13. Rab1 a5 14. Qc2 Bb4 15.
Rfc1 Ne4 16. Nxe4 dxe4 17. Ne5 Nf6 18. a3 Bd6 19. Bh2 Qe7 20. b4 Nd5 21. bxa5
Bxa3 22. Rd1 Rxa5 23. Nc4 Ra6 24. Be5 Bb4 25. Rdc1 b5 26. Nd2 Nc3 27. Nxe4 Nxb1
28. Rxb1 f6 29. Nxf6+ gxf6 30. Qg6+ Kf8 31. Bxf6 Qc7 32. Qxh6+ Kg8 33. Qh8+ 1-0

[Event "SportAccord Blitz Men 2012"]
[Site "Beijing CHN"]
[Date "2012.12.16"]
[Round "8.1"]
[White "Ivanchuk, Vassily"]
[Black "Morozevich, Alexander"]
[Result "0-1"]
[WhiteTitle "GM"]
[BlackTitle "GM"]
[WhiteElo "2766"]
[BlackElo "2748"]
[WhiteFideId "14100010"]
[BlackFideId "4116992"]
[EventDate "2012.12.16"]

1. d4 Nf6 2. Nf3 g6 3. g3 c5 4. Bg2 Qa5+ 5. Nc3 cxd4 6. Nxd4 Bg7 7. Nb3 Qc7 8.
Bg5 h6 9. Bxf6 Bxf6 10. Nd5 Qd6 11. c4 Na6 12. c5 Qe5 13. Nxf6+ Qxf6 14. Qd2 h5
15. Rc1 Nc7 16. O-O h4 17. Rfd1 hxg3 18. hxg3 Kf8 19. Nd4 Kg7 20. Qa5 Ne8 21. b4
Qe5 22. b5 Nf6 23. Rc3 Ng4 24. Rcc1 d5 25. cxd6 exd6 26. Qc3 Nf6 27. Rd3 Bg4 28.
Bxb7 Qh5 29. Re3 Qh2+ 30. Kf1 Rac8 31. Qb2 Rxc1+ 32. Qxc1 Qh1+ 33. Bxh1 Rxh1+
34. Kg2 Rxc1 35. Ra3 Rc7 36. Ra6 d5 37. a4 Bc8 38. Rc6 Ne8 39. Rxc7 Nxc7 40. Nc6
a6 41. b6 Ne6 42. Kf3 Nc5 43. a5 Kf6 44. Ke3 Bb7 45. Nd4 Ke5 46. g4 Kd6 47. f4
Ne6 48. Nb3 f6 49. f5 gxf5 50. gxf5 Nc5 51. Nd4 Bc8 52. Kf4 Bd7 53. e3 Nb7 54.
Nb3 Ba4 0-1

[Event "SportAccord Blitz Men 2012"]
[Site "Beijing CHN"]
[Date "2012.12.16"]
[Round "8.2"]
[White "Nakamura, Hikaru"]
[Black "Radjabov, Teimour"]
[Result "1-0"]
[WhiteTitle "GM"]
[BlackTitle "GM"]
[WhiteElo "2760"]
[BlackElo "2793"]
[WhiteFideId "2016192"]
[BlackFideId "13400924"]
[EventDate "2012.12.16"]

1. d4 Nf6 2. Bg5 d5 3. e3 c6 4. Nd2 Bg4 5. f3 Bf5 6. c4 Nbd7 7. cxd5 cxd5 8. Qb3
Qb6 9. Bb5 a6 10. Bxd7+ Nxd7 11. Rc1 e6 12. e4 Bg6 13. exd5 Qxb3 14. Nxb3 exd5
15. Rc7 Rb8 16. Bf4 Nb6 17. Kf2 Be7 18. Nh3 Bf5 19. Re1 Be6 20. Nc5 Bxc5 21.
dxc5 Na8 22. Rxf7 Kxf7 23. Ng5+ Ke7 24. Rxe6+ Kd7 25. Bxb8 Rxb8 26. Rd6+ Ke7 27.
Rxd5 Nc7 28. Re5+ Kf6 29. f4 h6 30. Ne4+ Kg6 31. g4 a5 32. Re7 Nd5 33. f5+ Kh7
34. Rd7 Re8 35. Kf3 Rxe4 36. Rxd5 Rb4 37. b3 a4 38. Rd3 Rb5 39. Rc3 axb3 40.
axb3 Kg8 41. Ke4 Rb4+ 42. Kd5 Rxg4 43. Rc4 Rg5 44. Ke6 Rg2 1-0

[Event "SportAccord Blitz Men 2012"]
[Site "Beijing CHN"]
[Date "2012.12.16"]
[Round "8.3"]
[White "Jobava, Baadur"]
[Black "Wang, Hao"]
[Result "1/2-1/2"]
[WhiteTitle "GM"]
[BlackTitle "GM"]
[WhiteElo "2711"]
[BlackElo "2737"]
[WhiteFideId "13601520"]
[BlackFideId "8602883"]
[EventDate "2012.12.16"]

1. b3 Nf6 2. Bb2 g6 3. Bxf6 exf6 4. c4 d5 5. cxd5 Qxd5 6. Nc3 Qd8 7. g3 Bg7 8.
Bg2 O-O 9. e3 c6 10. Nge2 f5 11. O-O Nd7 12. d4 a5 13. a3 Re8 14. b4 axb4 15.
axb4 Rxa1 16. Qxa1 Qe7 17. Rb1 Nf6 18. Qa7 Ne4 19. Nxe4 fxe4 20. Nc3 f5 21. Bf1
Be6 22. Qc5 Kf8 23. Ra1 Qxc5 24. bxc5 Bf6 25. Ra7 Rb8 26. Na4 Bd8 27. Be2 Bb3
28. Nb6 Bxb6 29. cxb6 Ke8 30. g4 Kd7 31. Kg2 Kd6 32. Ra5 Bd5 33. Kg3 Rf8 34. h4
fxg4 35. Bxg4 h6 36. Be2 g5 37. hxg5 hxg5 38. Bg4 Rh8 39. Bh3 Rf8 40. Bg2 Rh8
41. Kg4 Rf8 42. Kg3 Rh8 43. f3 exf3 44. Bxf3 Re8 45. Ra3 Bxf3 46. Kxf3 c5 47.
Rc3 cxd4 48. exd4 Kd5 49. Rc7 Kxd4 50. Kg4 Re6 51. Rxb7 Kc5 1/2-1/2

[Event "SportAccord Blitz Men 2012"]
[Site "Beijing CHN"]
[Date "2012.12.16"]
[Round "8.5"]
[White "Fressinet, Laurent"]
[Black "Karjakin, Sergey"]
[Result "1-0"]
[WhiteTitle "GM"]
[BlackTitle "GM"]
[WhiteElo "2700"]
[BlackElo "2775"]
[WhiteFideId "608742"]
[BlackFideId "14109603"]
[EventDate "2012.12.16"]

1. d4 d5 2. c4 dxc4 3. Nf3 Nf6 4. e3 e6 5. Bxc4 a6 6. O-O c5 7. Nc3 b5 8. Be2
Bb7 9. dxc5 Qxd1 10. Rxd1 Bxc5 11. Nd2 Nbd7 12. Nb3 Bb6 13. a4 b4 14. a5 Bd8 15.
Na4 Be7 16. f3 g5 17. e4 g4 18. Be3 gxf3 19. gxf3 Rg8+ 20. Kf1 e5 21. Rac1 Bd8
22. Nac5 Bc8 23. Kf2 Rg6 24. Rg1 Nxc5 25. Bxc5 Be6 26. Bc4 Bxc4 27. Rxc4 Rc8 28.
Rgc1 Rh6 29. Kg2 Nh5 30. Be3 Rg6+ 31. Kf1 Rb8 32. Rc5 Re6 33. Rc6 Nf4 34. Bxf4
exf4 35. Rxe6+ fxe6 36. Rc6 Bf6 37. Rxe6+ Kf7 38. Rxa6 Bxb2 39. Rb6 Rc8 40. Rxb4
Rc3 41. a6 Rxf3+ 42. Kg2 Rd3 43. a7 f3+ 44. Kf2 Bf6 45. e5 Be7 46. Rb7 Rd8 47.
Kxf3 Ra8 48. Nd4 Ke8 49. Rb8+ 1-0

[Event "SportAccord Blitz Men 2012"]
[Site "Beijing CHN"]
[Date "2012.12.16"]
[Round "8.6"]
[White "Kamsky, Gata"]
[Black "Bologan, Viktor"]
[Result "0-1"]
[WhiteTitle "GM"]
[BlackTitle "GM"]
[WhiteElo "2762"]
[BlackElo "2681"]
[WhiteFideId "2000024"]
[BlackFideId "13900048"]
[EventDate "2012.12.16"]

1. b3 e5 2. Bb2 d6 3. g3 c5 4. Bg2 Nc6 5. e3 g6 6. Ne2 Bg7 7. d3 Nge7 8. h3 O-O
9. Nd2 d5 10. a3 Be6 11. Rb1 Qd7 12. Ba1 a5 13. a4 b6 14. Bb2 Rad8 15. Nf3 h6
16. g4 f5 17. gxf5 Bxf5 18. Ng3 Be6 19. Qe2 Rf7 20. Nf1 Rdf8 21. N1d2 g5 22. Ba3
Ng6 23. c4 d4 24. Ne4 g4 25. hxg4 Bxg4 26. Ned2 e4 27. dxe4 d3 28. Qd1 Bc3 29.
Bb2 Rxf3 30. Bxc3 Rxf2 31. Bh3 Re2+ 32. Qxe2 dxe2 33. Rg1 h5 34. Bxg4 hxg4 35.
Kxe2 Nce5 0-1

[Event "SportAccord Blitz Men 2012"]
[Site "Beijing CHN"]
[Date "2012.12.16"]
[Round "8.8"]
[White "Mamedyarov, Shakhriyar"]
[Black "Grischuk, Alexander"]
[Result "1/2-1/2"]
[WhiteTitle "GM"]
[BlackTitle "GM"]
[WhiteElo "2764"]
[BlackElo "2764"]
[WhiteFideId "13401319"]
[BlackFideId "4126025"]
[EventDate "2012.12.16"]

1. d4 Nf6 2. c4 g6 3. Nf3 Bg7 4. g3 c5 5. Bg2 cxd4 6. Nxd4 O-O 7. O-O d5 8. cxd5
Nxd5 9. Nb5 Be6 10. Nd4 Bc8 11. Nb5 Be6 12. Nd4 Bc8 13. Nb5 1/2-1/2

[Event "SportAccord Blitz Men 2012"]
[Site "Beijing CHN"]
[Date "2012.12.17"]
[Round "9.2"]
[White "Aronian, Levon"]
[Black "Mamedyarov, Shakhriyar"]
[Result "1/2-1/2"]
[WhiteTitle "GM"]
[BlackTitle "GM"]
[WhiteElo "2815"]
[BlackElo "2764"]
[WhiteFideId "13300474"]
[BlackFideId "13401319"]
[EventDate "2012.12.16"]

1. d4 d5 2. c4 c6 3. Nc3 Nf6 4. cxd5 cxd5 5. Bf4 Nc6 6. e3 a6 7. Bd3 Bg4 8. Nge2
e6 9. O-O Bd6 10. f3 Bh5 11. Bxd6 Qxd6 12. Qb3 O-O 13. Rac1 b5 14. a3 Rac8 15.
Nf4 Nxd4 16. Qb4 Qxb4 17. axb4 Nc6 18. g4 Bg6 19. Bxg6 hxg6 20. Nd3 Nd7 21. Ra1
Ra8 22. f4 Rfd8 23. Ne2 Kf8 24. Rfc1 Rdc8 25. b3 Ke7 26. Nd4 Nxd4 27. exd4 Rxc1+
28. Rxc1 a5 29. bxa5 Rxa5 30. Nb4 Ra3 31. Nc6+ Kd6 32. Nd8 Ke7 33. Nc6+ Ke8 34.
g5 f6 35. Re1 Nf8 36. Re3 Ra6 37. Nb4 Ra1+ 38. Kg2 Kd7 39. Nd3 Rd1 40. Kf3 Kd6 1/2-1/2

[Event "SportAccord Blitz Men 2012"]
[Site "Beijing CHN"]
[Date "2012.12.17"]
[Round "9.4"]
[White "Karjakin, Sergey"]
[Black "Kamsky, Gata"]
[Result "1-0"]
[WhiteTitle "GM"]
[BlackTitle "GM"]
[WhiteElo "2775"]
[BlackElo "2762"]
[WhiteFideId "14109603"]
[BlackFideId "2000024"]
[EventDate "2012.12.16"]

1. e4 Nf6 2. e5 Nd5 3. d4 d6 4. Nf3 dxe5 5. Nxe5 c6 6. Be2 Bf5 7. O-O Nd7 8. Nf3
e6 9. c4 N5f6 10. Nc3 Bd6 11. Nh4 Bg6 12. g3 O-O 13. Nxg6 hxg6 14. Bf3 a6 15.
Re1 Re8 16. Bg5 Qa5 17. Bd2 Qc7 18. a3 Rad8 19. Qc2 Qb8 20. Bg5 Rc8 21. b4 Nh7
22. Be3 Nhf6 23. Rab1 e5 24. d5 cxd5 25. Nxd5 e4 26. Nxf6+ Nxf6 27. Be2 Be5 28.
Qb3 Rcd8 29. Red1 Qc8 30. Kg2 Qe6 31. h3 Kh7 32. Rxd8 Rxd8 33. Rd1 Rc8 34. Qc2
Re8 35. a4 Bb8 36. a5 Ng8 37. c5 f5 38. Bc4 Qe7 39. c6 bxc6 40. Bxa6 g5 41. Qc5
f4 42. Qxe7 Nxe7 43. Bc5 Nd5 44. Bb7 f3+ 45. Kf1 e3 46. fxe3 Bxg3 47. Rxd5 cxd5
48. a6 g4 49. hxg4 Kg6 50. Bxd5 1-0

[Event "SportAccord Blitz Men 2012"]
[Site "Beijing CHN"]
[Date "2012.12.17"]
[Round "9.5"]
[White "Leko, Peter"]
[Black "Fressinet, Laurent"]
[Result "0-1"]
[WhiteTitle "GM"]
[BlackTitle "GM"]
[WhiteElo "2732"]
[BlackElo "2700"]
[WhiteFideId "703303"]
[BlackFideId "608742"]
[EventDate "2012.12.16"]

1. e4 d5 2. exd5 Qxd5 3. Nc3 Qa5 4. d4 Nf6 5. Nf3 Bf5 6. Bc4 e6 7. Bd2 Bb4 8. a3
Bxc3 9. Bxc3 Qb6 10. b3 Nc6 11. O-O O-O 12. Ne5 Rad8 13. Nxc6 Qxc6 14. Bb4 Rfe8
15. Qe2 a6 16. Rfd1 Nd5 17. Qd2 Nb6 18. Qe2 Nxc4 19. bxc4 b6 20. Rd2 a5 21. Bc3
Be4 22. f3 Bd5 23. c5 bxc5 24. dxc5 Qxc5+ 25. Bd4 Qc4 26. Qxc4 Bxc4 27. Bc3 a4
28. Rad1 Rd5 29. Rxd5 Bxd5 30. Rb1 f6 31. Kf2 Kf7 32. Rb4 Ra8 33. Bd4 Ra6 34.
Ke1 g5 35. Be3 Kg6 36. h4 h6 37. hxg5 hxg5 38. c3 Ra8 39. c4 Bc6 40. c5 Rd8 41.
Kf2 Rd3 42. Bc1 Rc3 43. Bb2 Rxc5 44. Rb8 e5 45. Ke3 Rc2 46. g3 Rg2 47. Rc8 Rxb2 0-1

[Event "SportAccord Blitz Men 2012"]
[Site "Beijing CHN"]
[Date "2012.12.17"]
[Round "9.6"]
[White "Wang, Hao"]
[Black "Giri, Anish"]
[Result "1-0"]
[WhiteTitle "GM"]
[BlackTitle "GM"]
[WhiteElo "2737"]
[BlackElo "2720"]
[WhiteFideId "8602883"]
[BlackFideId "24116068"]
[EventDate "2012.12.16"]

1. Nf3 Nf6 2. c4 g6 3. Nc3 d5 4. cxd5 Nxd5 5. Qa4+ Bd7 6. Qb3 Nb6 7. d4 Bg7 8.
e4 O-O 9. Be3 Bg4 10. Ne5 Be6 11. Qc2 c5 12. Rd1 cxd4 13. Bxd4 Qc7 14. Nf3 Rd8
15. Bxg7 Kxg7 16. Nd4 Bg4 17. f3 Bd7 18. Be2 Nc6 19. Nd5 Nxd5 20. exd5 Qa5+ 21.
Qc3 Qxc3+ 22. bxc3 Nxd4 23. Rxd4 Rac8 24. Kd2 e5 25. Rb4 b6 26. c4 Rc5 27. a3 f5
28. Ke3 Kf6 29. h4 h6 30. g3 Rdc8 31. Bd3 Ra5 32. Rb3 Ba4 33. Rb2 Bd7 34. Rb3
Ba4 35. Rb2 Bd7 36. Ra2 Be8 37. g4 Bd7 38. g5+ hxg5 39. hxg5+ Kxg5 40. Rh7 Rd8
41. Rf7 f4+ 42. Kd2 Bh3 43. Kc3 Rc5 44. Rh2 Rd7 45. Rf8 Rh7 46. Rg8 Rh6 47. d6
Rc6 48. Rxh3 Rxh3 49. Rxg6+ Kh4 50. d7 Rxg6 51. Bxg6 Rxf3+ 52. Kd2 Kg3 53. d8=Q
Rxa3 54. Qg5+ Kf2 55. Qxe5 1-0

[Event "SportAccord Blitz Men 2012"]
[Site "Beijing CHN"]
[Date "2012.12.17"]
[Round "9.7"]
[White "Radjabov, Teimour"]
[Black "Jobava, Baadur"]
[Result "1/2-1/2"]
[WhiteTitle "GM"]
[BlackTitle "GM"]
[WhiteElo "2793"]
[BlackElo "2711"]
[WhiteFideId "13400924"]
[BlackFideId "13601520"]
[EventDate "2012.12.16"]

1. Nf3 c5 2. c4 Nc6 3. g3 e5 4. Nc3 g6 5. Bg2 Bg7 6. a3 a5 7. O-O Nge7 8. Ne1 d6
9. Nc2 h5 10. d3 h4 11. Ne3 Nd4 12. Rb1 hxg3 13. fxg3 Bh3 14. Bxh3 Rxh3 15. Ned5
Nxd5 16. Nxd5 a4 17. e3 Nb3 18. Rxf7 Rxg3+ 19. hxg3 Kxf7 20. Qf3+ Kg8 21. Qg4
Qe8 22. e4 Nd4 23. Bg5 Qe6 24. Ne7+ Kf7 25. Rf1+ Ke8 26. Qh4 Kd7 27. Qh7 Qg4 28.
Qxg7 Qxg3+ 29. Kh1 Qh3+ 30. Kg1 Qg4+ 31. Kh2 Qh5+ 32. Kg2 Qxg5+ 33. Kh2 Qh4+ 34.
Kg2 Ne6 35. Nxg6+ Nxg7 36. Nxh4 Ne6 37. Rf7+ Kc6 38. Nf5 Nf4+ 39. Kf3 Nxd3 40.
Ne7+ Kb6 41. Nd5+ Ka7 42. Nc3 Nxb2 43. Nb5+ Kb6 44. Nxd6 Rb8 45. Rf6 Ka5 46. Ke2
b6 47. Rf7 Ka6 48. Kd2 Rh8 49. Kc3 Nd1+ 50. Kc2 Ne3+ 51. Kd3 Rd8 52. Rf6 Ng4 53.
Rg6 Nf2+ 54. Kc2 Rd7 55. Nc8 Rb7 56. Nd6 Rb8 57. Kd2 Rd8 58. Kc2 Nh3 59. Nb5 Rd7
60. Re6 Ng5 61. Rxe5 Nf3 62. Re8 Nd4+ 63. Nxd4 Rxd4 64. Kc3 Kb7 65. e5 Re4 66.
e6 Kc7 67. e7 Kb7 68. Kb2 Re3 69. Kc2 Kc7 70. Kd2 Re5 71. Kc3 Re3+ 72. Kd2 Re6
73. Kc3 Re5 74. Kc2 Kd7 75. Rb8 Rxe7 76. Rxb6 Re3 77. Kb2 Re2+ 78. Kb1 Re4 79.
Kb2 Rxc4 80. Rh6 Re4 81. Kc3 Rf4 82. Rg6 Kc7 83. Ra6 Kb7 84. Rh6 Rg4 85. Rf6 Rd4
86. Rh6 Kc7 87. Rg6 Rd6 88. Rg4 1/2-1/2

[Event "SportAccord Blitz Men 2012"]
[Site "Beijing CHN"]
[Date "2012.12.17"]
[Round "9.8"]
[White "Morozevich, Alexander"]
[Black "Nakamura, Hikaru"]
[Result "0-1"]
[WhiteTitle "GM"]
[BlackTitle "GM"]
[WhiteElo "2748"]
[BlackElo "2760"]
[WhiteFideId "4116992"]
[BlackFideId "2016192"]
[EventDate "2012.12.16"]

1. e4 Nf6 2. e5 Nd5 3. d4 d6 4. c4 Nb6 5. f4 Bf5 6. Nc3 dxe5 7. fxe5 e6 8. Nf3
Be7 9. Bd3 Bg4 10. Be4 Nc6 11. c5 Nd5 12. O-O Qd7 13. Nxd5 exd5 14. Bc2 b6 15.
cxb6 axb6 16. a3 Bh5 17. Kh1 Nd8 18. Be3 Bg6 19. Rc1 Ne6 20. Bxg6 hxg6 21. Qc2
c5 22. Qf2 c4 23. Ng1 f6 24. Qg3 g5 25. Nf3 b5 26. Rce1 O-O-O 27. Bd2 Rde8 28.
Bb4 Bxb4 29. axb4 Nf4 30. Ra1 Kb7 31. Ra5 Ra8 32. Rfa1 Rxa5 33. Rxa5 Nd3 34. h3
g4 35. Ng1 Qf5 36. Rxb5+ Kc6 37. Rc5+ Nxc5 38. bxc5 fxe5 39. dxe5 gxh3 40. Nxh3
Re8 41. Qa3 Qxe5 42. Qa6+ Kxc5 43. Qa7+ Kd6 44. Qb6+ Ke7 45. Qc5+ Kf7 46. Qb5
Kg8 47. Ng5 Rf8 48. Nf3 Qe4 49. Kg1 Qe3+ 50. Kh2 Rf5 51. Kg3 Kh7 52. Qd7 Qf4+
53. Kf2 d4 54. Kg1 d3 55. Qd8 Qe3+ 56. Kh2 Qf4+ 57. Kg1 Qh6 58. Qd4 Qc1+ 59. Kf2
Qd2+ 60. Kg3 Qh6 61. Qxc4 Qd6+ 62. Kg4 Qg6+ 63. Kh3 Rh5+ 64. Nh4 Qf5+ 65. g4
Qf3+ 66. Kh2 Rxh4+ 0-1

[Event "SportAccord Blitz Men 2012"]
[Site "Beijing CHN"]
[Date "2012.12.17"]
[Round "10.1"]
[White "Ivanchuk, Vassily"]
[Black "Nakamura, Hikaru"]
[Result "1/2-1/2"]
[WhiteTitle "GM"]
[BlackTitle "GM"]
[WhiteElo "2766"]
[BlackElo "2760"]
[WhiteFideId "14100010"]
[BlackFideId "2016192"]
[EventDate "2012.12.16"]

1. c4 Nf6 2. Nc3 e6 3. e4 c5 4. e5 Ng8 5. d4 cxd4 6. Qxd4 Nc6 7. Qe4 f5 8. Qe2
Bb4 9. Bd2 Nge7 10. Nf3 a6 11. a3 Bc5 12. b4 Ba7 13. Be3 Bb8 14. Bc5 Ng6 15. Bd6
Bxd6 16. exd6 O-O 17. Rc1 b6 18. Qe3 e5 19. Nd5 Rb8 20. h4 e4 21. Ng5 f4 22. Qc3
Re8 23. Be2 h6 24. Bh5 Nce5 25. Nxe4 Bb7 26. f3 b5 27. Qd4 Nxh4 28. Kf2 Nf5 29.
Qc3 bxc4 30. Bxe8 Nd3+ 31. Kg1 Bxd5 32. Bg6 Nxc1 33. Qxc1 Nxd6 34. Qxf4 Nxe4 35.
fxe4 Qb6+ 36. Kh2 Be6 37. Rf1 Rc8 38. Bf5 c3 39. Bxe6+ Qxe6 40. Rc1 c2 41. Qe3
Qe5+ 42. Kh1 Qb2 43. Qd2 Kh8 44. e5 Qxa3 45. Rxc2 Rxc2 46. Qxc2 Qa1+ 47. Kh2
Qxe5+ 48. g3 Qe6 49. Qc8+ Kh7 50. Qc2+ g6 51. Qd2 h5 52. Qd3 Kg7 53. Qd4+ Kh7
54. Qd3 d5 55. Qd4 Qe2+ 56. Kg1 Qf3 57. Kh2 Qf7 58. Qb6 Qe7 59. Qxa6 Qxb4 60.
Qa7+ Kh6 61. Qe3+ Kh7 62. Qa7+ Kg8 63. Qa8+ Kg7 64. Qxd5 Qb2+ 65. Kh3 Qf6 66.
Qd2 g5 67. Kh2 Kh6 68. Qc2 Qd6 69. Kg2 Qd5+ 70. Kh2 Qe6 71. Kg2 Qf6 72. Kh2 h4
73. gxh4 Qf4+ 74. Kg1 Qg3+ 75. Kh1 Qxh4+ 76. Kg1 Qg3+ 77. Kh1 Qe1+ 78. Kg2 Qe6
79. Qf2 Kh5 80. Qg3 Qe2+ 81. Kg1 Qg4 82. Qxg4+ Kxg4 83. Kg2 Kf4 84. Kf2 g4 85.
Kg2 g3 86. Kg1 Kf3 87. Kf1 g2+ 88. Kg1 Kg3 1/2-1/2

[Event "SportAccord Blitz Men 2012"]
[Site "Beijing CHN"]
[Date "2012.12.17"]
[Round "10.2"]
[White "Jobava, Baadur"]
[Black "Morozevich, Alexander"]
[Result "0-1"]
[WhiteTitle "GM"]
[BlackTitle "GM"]
[WhiteElo "2711"]
[BlackElo "2748"]
[WhiteFideId "13601520"]
[BlackFideId "4116992"]
[EventDate "2012.12.16"]

1. b3 e5 2. Bb2 Nc6 3. e3 Nge7 4. Ne2 d5 5. d4 exd4 6. Nxd4 Nxd4 7. Qxd4 Nf5 8.
Qd2 c6 9. Nc3 Be6 10. O-O-O Bb4 11. a3 Ba5 12. b4 Bc7 13. Na4 O-O 14. Nc5 Qe7
15. Kb1 a5 16. Bd3 axb4 17. axb4 b6 18. Nxe6 fxe6 19. e4 dxe4 20. Bxe4 Ra4 21.
Qd7 Rxb4 22. Bxf5 Rxb2+ 23. Kxb2 Qb4+ 24. Kc1 Bf4+ 25. Rd2 exf5 26. Re1 h6 27.
Re3 Bxe3 28. fxe3 Qc3 29. Rd3 Qe1+ 30. Kb2 Ra8 31. Qxc6 Qa1+ 32. Kb3 Ra3+ 33.
Kb4 Qb2+ 34. Rb3 Rxb3+ 35. cxb3 Qd2+ 36. Ka4 Qa5# 0-1

[Event "SportAccord Blitz Men 2012"]
[Site "Beijing CHN"]
[Date "2012.12.17"]
[Round "10.3"]
[White "Giri, Anish"]
[Black "Radjabov, Teimour"]
[Result "1/2-1/2"]
[WhiteTitle "GM"]
[BlackTitle "GM"]
[WhiteElo "2720"]
[BlackElo "2793"]
[WhiteFideId "24116068"]
[BlackFideId "13400924"]
[EventDate "2012.12.16"]

1. e4 c5 2. Nf3 Nc6 3. Bb5 g6 4. Bxc6 dxc6 5. d3 Bg7 6. h3 Nh6 7. Nc3 b6 8. Be3
f6 9. Qd2 Nf7 10. a3 O-O 11. O-O e5 12. Nh2 Be6 13. Kh1 Qd7 14. Rae1 Rad8 15. b3
g5 16. g4 Nh8 17. h4 h6 18. f3 Ng6 19. h5 Nf4 20. Rg1 Rfe8 21. Nf1 Bf8 22. Ng3
c4 23. bxc4 Bxc4 24. Nf5 Be6 25. Bxf4 exf4 26. Ne2 Bxf5 27. gxf5 Qf7 28. Nxf4
Bxa3 29. Ng6 Kh7 30. f4 Bd6 31. fxg5 hxg5 32. Kg2 Be5 33. Qe2 c5 34. Rb1 Rd7 35.
Rgd1 Bb8 36. Kf3 Rd5 37. Qg2 Rxf5+ 38. exf5 Qd5+ 39. Kf2 Re2+ 40. Kxe2 Qxg2+ 41.
Ke3 Bg3 42. Rf1 Qxc2 43. Rbd1 a5 44. d4 Bd6 45. dxc5 Bxc5+ 46. Kf3 Kh6 47. Kg3
a4 48. Rd8 Qc3+ 49. Kg2 Qc2+ 50. Kg3 Qc3+ 51. Kg2 Kxh5 52. Rf3 Qc2+ 53. Kg3 g4
54. Nf4+ Kh6 55. Ne6 Kh7 56. Rd7+ Kg8 57. Rfd3 Qf2+ 58. Kxg4 Qe2+ 59. Kg3 Qf2+
60. Kg4 Qe2+ 61. Kf4 Qe5+ 62. Kg4 Qe2+ 63. Kg3 Qf2+ 64. Kg4 Qe2+ 65. Kg3 Bf2+
66. Kf4 Qe5+ 67. Kf3 Qxf5+ 68. Nf4 Bc5 69. R3d5 Qb1 70. Kg4 a3 71. Rb7 Qg1+ 72.
Kf3 Qf1+ 73. Kg4 Qg1+ 74. Kf3 Qh1+ 75. Kg4 Qg1+ 1/2-1/2

[Event "SportAccord Blitz Men 2012"]
[Site "Beijing CHN"]
[Date "2012.12.17"]
[Round "10.4"]
[White "Fressinet, Laurent"]
[Black "Wang, Hao"]
[Result "1-0"]
[WhiteTitle "GM"]
[BlackTitle "GM"]
[WhiteElo "2700"]
[BlackElo "2737"]
[WhiteFideId "608742"]
[BlackFideId "8602883"]
[EventDate "2012.12.16"]

1. d4 Nf6 2. Nf3 g6 3. c4 Bg7 4. g3 O-O 5. Bg2 d6 6. O-O Nc6 7. Nc3 a6 8. Re1
Rb8 9. Rb1 b5 10. cxb5 axb5 11. b4 Bd7 12. d5 Ne5 13. Nxe5 dxe5 14. Be3 Ne8 15.
Ne4 Nd6 16. Nc5 Bf5 17. Rb3 Nc4 18. Bc1 Qd6 19. e4 Bc8 20. Qc2 c6 21. Rd3 cxd5
22. Rxd5 Qc7 23. Rdd1 Nd6 24. Bb2 Be6 25. Bc3 Qc8 26. Bf1 Ra8 27. Ra1 Bc4 28.
Bxc4 Nxc4 29. a4 bxa4 30. Rxa4 Qc6 31. Rea1 Rxa4 32. Qxa4 Qxa4 33. Rxa4 Nd6 34.
Be1 f5 35. Ra7 Kf7 36. f3 Bh6 37. Kf2 Rd8 38. Ke2 Nb5 39. Rd7 Ra8 40. Bd2 Ra2
41. Kd1 Ra1+ 42. Kc2 Bg7 43. Kb2 Rh1 44. Bg5 Rxh2+ 45. Kb3 Bf8 46. Kc4 Nd6+ 47.
Kd5 Rb2 48. Nd3 Rb3 49. Nxe5+ Kg8 50. Bxe7 Nc8 51. Bxf8 Nb6+ 52. Kc6 Nxd7 53.
Nxd7 Rxf3 54. e5 Rxg3 55. b5 f4 56. Bc5 Rb3 57. b6 Kf7 58. b7 Rxb7 59. Kxb7 Ke6
60. Kc6 g5 61. Bd4 g4 62. Nc5+ Ke7 63. Kd5 f3 1-0

[Event "SportAccord Blitz Men 2012"]
[Site "Beijing CHN"]
[Date "2012.12.17"]
[Round "10.5"]
[White "Kamsky, Gata"]
[Black "Leko, Peter"]
[Result "1-0"]
[WhiteTitle "GM"]
[BlackTitle "GM"]
[WhiteElo "2762"]
[BlackElo "2732"]
[WhiteFideId "2000024"]
[BlackFideId "703303"]
[EventDate "2012.12.16"]

1. e4 e5 2. Nf3 Nc6 3. Bb5 Nf6 4. O-O Nxe4 5. d4 Nd6 6. Bxc6 dxc6 7. dxe5 Nf5 8.
Qxd8+ Kxd8 9. Rd1+ Ke8 10. h3 Ne7 11. Bf4 Ng6 12. Bh2 Be7 13. Nc3 a6 14. Ne4 Bd7
15. c4 Rd8 16. b3 Bc8 17. Rxd8+ Bxd8 18. Nd4 h5 19. Re1 h4 20. e6 Nf8 21. exf7+
Kxf7 22. Nc5 Rh5 23. Nd3 Ng6 24. Re2 a5 25. f3 Bf6 26. Re4 c5 27. Nb5 Bf5 28.
Nxc5 Bxe4 29. Nxe4 Be5 30. Nxc7 Bxh2+ 31. Kxh2 Nf4 32. g3 hxg3+ 33. Kxg3 g5 34.
Nd5 Nxd5 35. cxd5 Kg6 36. d6 Rh7 37. Kg4 Rh4+ 38. Kg3 Rh7 39. Nc5 Kf6 40. Ne4+
Kf5 41. Nc5 Kf6 42. a3 b6 43. Ne4+ Kf5 44. b4 axb4 45. axb4 Ra7 46. b5 Ra5 47.
d7 Ra8 48. Nd6+ Ke6 49. Nc8 1-0